000 00499nam a2200193Ia 4500
003 OSt
005 20221007082715.0
006 a|||||r|||| 00| 0
007 ta
008 221006b |||||||| |||| 00| 0 eng d
024 _a23,427
037 _cDissertations
040 _aFLL
_cFLL
_beng
041 _2eng
_aeng
100 _aSingh Balbir
_981520
245 0 _aDoctrine of ultra - vires and companies need for reform.
942 _cDIS
_2CC
999 _c1167458
_d1167458